000
00228 a2200097 4500
001
47767
100
_a
Fremlin J
245
_a
Applications of nuclear physics
260
_a
London
_b
English university
_c
090
_c
30769
_d
30769
942
_a
NUST-CAE
_c
M
_c
23079
999
_c
282840
_d
282840